000 00496nam a22001817a 4500
005 20250708120701.0
008 250708b |||||||| |||| 00| 0 eng d
020 _a978-1-4737-0485-5
050 _aHD 30.4 .B84 2015
100 _aQUINLAN,CHRISTINA
245 _aBUSINESS RESERCH METHODS
250 _a1ST ED.
260 _aHAMPSHIRE
_bCENGAGE LEARNING
_c2015
300 _aXII,413
500 _aBIBLIOGRAPHICAL REFENCES AND INDEX
650 _aBUSINESS RESERCH METHODS
942 _2lcc
_cBK
999 _c215844
_d215844